CompTIA Security+ 13 - Statistics

General Stats
  • This quiz has been taken 3 times
  • The average score is 7 of 22
Answer Stats
Hint Answer % Correct
SMB Server Message Block
100%
SMTP Simple Mail Transfer Protocol
100%
SMTPS Simple Mail Transfer Protocol Secure
100%
SFTP Secure File Transfer Protocol
50%
SHA Secure Hashing Algorithm
50%
SIP Session Initiation Protocol
50%
SMS Short Message Service
50%
SDN Software-defined Networking
50%
SDK Software Development Kit
50%
SIM Subscriber Identity Module
50%
SCAP Security Content Automation Protocol
0%
SIEM Security Information and Event Manager
0%
SED Self-encrypting Drives
0%
SDP Service Delivery Platform
0%
SLA Service-level Agreement
0%
SCEP Simple Certificate Enrollment Protocol
0%
SLE Singe Loss Expectancy
0%
SDV Software-defined Visibility
0%
SDLC Software Development Life Cycle
0%
SDLM Software Development Life-cycle Methodology
0%
SEH Structured Exception Handling
0%
SCADA Supervisory Control and Data Acquisition
0%
No matching quizzes found
Score Distribution
Percent of People with Each Score
Percentile by Number Answered
Your Score History
You have not taken this quiz